00542nam a22001817a 45000050016000000100017000160200026000330350017000590370008000760820010000841000020000942450071001142600057001852700058002423000024003005000020003247000016003442010073101261.0 aB-406803-819 a9788184571776c995.00 aB-406803-819 bPUB a070.4 aChauhan, Swati  aHandbook of online journalism /cby Swati Chauhan [and] N.C. Pant  aNew Delhi bKanishka Publishers, Distributors c2010 bNew Delhi a4697/21-A, Ansari Road, Daryaganje110002 ax, 411p.c25cm(Hb)  aIncludes index  aPant, N.C.